000 00578nam a22001817a 4500
005 20251108175157.0
008 250721s2013 xx 000 0 ara d
082 1 4 _a923.5/عبي
100 1 _aالعبيدي، سمير أيوب
245 1 0 _aسيرة مقاتل في الجيش العراقي (1964 - 1993) /
264 1 _aعمان :
_bشركة دار البيروني للنشر والتوزيع،
_c2013.
300 _a205 ص.
650 1 7 _aالتراجم
650 1 7 _aالعسكريون
650 1 7 _aتاريخ العراق
942 _2ddc
_cBK
999 _c127973
_d127973